Auswirkungen des EG-Binnenmarkts auf die Wirtschaft Schleswig-Holsteins-Konsequenzen für einzelne Unternehmen anhand von sechs Fallbeispielen
Gespeichert in:
| 1. Verfasser: | |
|---|---|
| Format: | Buch |
| Sprache: | Deutsch |
| Veröffentlicht: |
Kiel
[s.n.]
1989
|
| Schlagworte: | |
| Tags: |
Keine Tags, Fügen Sie das erste Tag hinzu!
|
MARC
| LEADER | 00000nam a2200000 4500 | ||
|---|---|---|---|
| 001 | c000695 | ||
| 005 | 20250526090113.0 | ||
| 041 | 0 | |a ger | |
| 044 | |a DE | ||
| 245 | 1 | 0 | |a Auswirkungen des EG-Binnenmarkts auf die Wirtschaft Schleswig-Holsteins-Konsequenzen für einzelne Unternehmen anhand von sechs Fallbeispielen |c Roland Berger |
| 264 | 1 | |a Kiel |b [s.n.] |c 1989 | |
| 300 | |a 66 s. | ||
| 610 | 2 | 0 | |a štúdie prípadové |
| 610 | 2 | 0 | |a Európske spoločenstvá |
| 610 | 2 | 0 | |a trh vnútorný |
| 610 | 2 | 0 | |a podnik |
| 610 | 2 | 0 | |a stavebníctvo |
| 610 | 2 | 0 | |a priemysel chemický |
| 610 | 2 | 0 | |a priemysel strojársky |
| 610 | 2 | 0 | |a potravinárstvo |
| 610 | 2 | 0 | |a doprava |
| 100 | 1 | |a Berger, Roland | |